Sprawa zyrardowska przyczynek do dziejów kapitolów obcych w Polsce miedzywojennej

Salvato in:
Dettagli Bibliografici
Natura: Libro
Lingua:polacco
Pubblicazione: Warszawa Ksiazka i Wiedza 1983
Tags: Aggiungi Tag
Nessun Tag, puoi essere il primo ad aggiungerne!!

MARC

LEADER 00000nam a2200000 4500
001 c104838
005 20250704110242.9
041 0 |a pol 
044 |a PL 
245 1 0 |a Sprawa zyrardowska  |b przyczynek do dziejów kapitolów obcych w Polsce miedzywojennej  |c Zbigniew Landau 
264 1 |a Warszawa  |b Ksiazka i Wiedza  |c 1983 
300 |a 305 s.